| 000 | 01853nam a22003257a 4500 | ||
|---|---|---|---|
| 003 | dpl | ||
| 005 | 20080911114410.0 | ||
| 008 | 080911t xxu||||| |||| 00| 0 eng d | ||
| 010 | _aDVD-000408-409 DVD-000813 | ||
| 024 |
_2A5195 _c599.00 for set of 2 DVD |
||
| 035 | _aDVD-000408-409 DVD-000813 | ||
| 040 |
_aDPL _cDPL |
||
| 082 | _aDVD / PETE | ||
| 245 |
_aPeterpan _cWalt Disney Pictures Presents _h[videorecording] (DVD)/ |
||
| 250 | _a2-Disc Platinum Edition | ||
| 260 |
_aBurbank, CA _bWalt Disney Home Entertainment |
||
| 300 |
_a2 videodiscs (77 min.): _bsd., col.; _c4 3/4 in. _fDVD |
||
| 500 | _aIt will Live in Your Heart Forever | ||
| 500 | _aSole Distributor in India M/s Excel Productions Audio Visuals Pvt. Ltd. | ||
| 500 | _aNew Digital Resolution, New Games, In Walt's Words | ||
| 538 | _aDolby Digital 5.1-English, Thai Subtitles: English,Thai, Malay, Traditional Chienese, Bahasa, Hindi, Korean | ||
| 538 | _aAspect Ratio:1.33.1, Presentation Type: Full Frame, Presentation Size 4x3, Formation: DVD 9- Dual Layer Single sided Disc, | ||
| 650 | _2Animated Movie | ||
| 700 | _aCrradine, Robert | ||
| 942 |
_2ddc _cCF _hDVD _mPETE |
||
| 999 |
_c15501 _d15501 |
||